British or French Colony? Quiz Stats

 Plays Quiz Updated Apr 9, 2015

Challenge
Share
Tweet
Embed
Score 0/20 Timer 04:00
0 Plays Today
Country B or F? % Correct
Australia???
96.2%
New Zealand???
95.6%
Bangladesh???
89.5%
Singapore???
88.9%
Haiti???
87.8%
Senegal???
83.6%
Vietnam???
82.4%
Qatar???
79.8%
Jordan???
79.1%
Botswana???
78.5%
Country B or F? % Correct
Cambodia???
78.2%
Uganda???
77.6%
Burkina Faso???
76.4%
Lesotho???
74.3%
Djibouti???
74.1%
Niger???
73.5%
Comoros???
71.5%
Madagascar???
71.2%
Belize???
71.1%
Syria???
50.1%

You're not logged in!

Compare scores with friends on all Sporcle quizzes.
Join for Free
OR
Log In

You Might Also Like...

Show Comments

Extras

Top Quizzes Today


Score Distribution

Your Account Isn't Verified!

In order to create a playlist on Sporcle, you need to verify the email address you used during registration. Go to your Sporcle Settings to finish the process.

Report this User

Report this user for behavior that violates our Community Guidelines.

Details: